Lun yu zu zheng ji : [2 juan] /
Saved in:
| Main Author: | |
|---|---|
| Format: | Book |
| Language: | Chinese |
| Published: |
[Beijing] :
Guo li Beijing da xue chu ban bu,
Min guo 10 [1921]
|
| Subjects: | |
| Tags: |
Add Tag
No Tags, Be the first to tag this record!
|
| LEADER | 00760cam a2200217ui 4500 | ||
|---|---|---|---|
| 001 | 007724478-8 | ||
| 005 | 20024617111505.0 | ||
| 008 | 970307s1921 cc 000 0 chi d | ||
| 035 | 0 | |a ocm36506319 | |
| 040 | |a *CVU* |c *CVU* |d *YNH* |d CStRLIN | ||
| 100 | 1 | |6 880-01 |a Cui, Shi. | |
| 245 | 1 | 0 | |6 880-02 |a Lun yu zu zheng ji : |b [2 juan] / |c zhu zhe Cui Shi. |
| 260 | |6 880-03 |a [Beijing] : |b Guo li Beijing da xue chu ban bu, |c Min guo 10 [1921] | ||
| 300 | |a 1, 8, 9 leaves ; |c 23 cm. | ||
| 600 | 0 | 0 | |6 880-04 |a Confucius. |t Lun yu. |
| 880 | 1 | |6 100-01 |a 崔適. | |
| 880 | 1 | 0 | |6 245-02 |a 論語足徵記 : |b [2卷] / |c 著者崔適. |
| 880 | |6 260-03 |a [北京] : |b 國立北京大學出版部, |c 民國10 [1921] | ||
| 880 | 0 | 0 | |6 600-04 |a Confucius. |t 論語. |
| 988 | |a 20021111 | ||
| 906 | |0 OCLC | ||


